Κατασκευή συστήματος τεκμηρίωσης για το μεταφορικό σύστημα στην περιοχή του Αιγαίου με χρήση του ΓΣΠ ArcView : διπλωματική εργασία

Αποθηκεύτηκε σε:
Λεπτομέρειες βιβλιογραφικής εγγραφής
Κύριος συγγραφέας: Κλάδης, Διονύσης
Συγγραφή απο Οργανισμό/Αρχή: Πανεπιστήμιο Αιγαίου Σχολή Επιστημών της Διοίκησης Τμήμα Ναυτιλίας και Επιχειρηματικών Υπηρεσιών - Τ.Ν.Ε.Υ
Άλλοι συγγραφείς: Πολυδωροπούλου, Αμαλία (Εισηγητής διατριβής)
Μορφή: Thesis Βιβλίο
Γλώσσα:Greek
Δημοσίευση: 2003
Θέματα:
Ετικέτες: Προσθήκη ετικέτας
Δεν υπάρχουν, Καταχωρήστε ετικέτα πρώτοι!

MARC

LEADER 00000cam a2200000 i 4500
001 1/45139
008 031120s2003 gre d
035 |l 10071673 
040 |a GR-MY-UA  |b gre  |e aacr 
041 0 |a gre 
082 0 |a 387.09011  |2 (22) 
100 1 |a Κλάδης, Διονύσης. 
245 1 0 |a Κατασκευή συστήματος τεκμηρίωσης για το μεταφορικό σύστημα στην περιοχή του Αιγαίου με χρήση του ΓΣΠ ArcView :  |b διπλωματική εργασία /  |c Κλαδής Διονύσης ; επιβλέπουσα: Αμαλία Πολυδωροπούλου ; Βοηθός επίβλεψης: Ελένη Κιτρίνου 
260 |c 2003 
300 |a 115 σ.;  |b διαγρ., πιν.;  |c 30 εκ. 
502 # # |a Πτυχιακή εργασία – Πανεπιστήμιο Αιγαίου, Χίος, 2003. 
504 |a Περιλαμβάνει βιβλιογραφία 
610 2 0 |a Πανεπιστήμιο Αιγαίου. 
650 0 0 |a Transportation. 
650 0 0 |a Shipping. 
650 0 0 |a Electronic data processing documentation. 
650 0 0 |a Dissertations, Academic  |z Greece. 
700 1 |4 ths  |a Πολυδωροπούλου, Αμαλία. 
710 1 |a Πανεπιστήμιο Αιγαίου  |b Σχολή Επιστημών της Διοίκησης  |b Τμήμα Ναυτιλίας και Επιχειρηματικών Υπηρεσιών - Τ.Ν.Ε.Υ. 
852 |a INST  |b CHIOS  |c DIATR  |e 20031120  |h 387.09011 ΚΛΑ  |p 005200012883  |q 005200012883  |t DIE  |y 23 
852 |a INST  |b CHIOS  |c DIATR  |e 20031120  |h 387.09011 ΚΛΑ  |p 005200012884  |q 005200012884  |t DIE  |y 23 
901 |a BIBL2-2003-3 
909 |a Χ  |b 106662 
909 |a Χ  |b 106663 
924 |a ΚΛΑΔΗΣ  |b ΔΙΟΝΥΣΗΣ  |y ΧΙΟΣ  |z 2003-11 
970 |a ΒΑΣΙΛΑΚΗ  |b ΝΙΚΗ  |z 2003/11/20